| 000 | 00675nam a2200241 a 4500 | ||
|---|---|---|---|
| 001 | 0001-1194 | ||
| 003 | ELIB.Books | ||
| 008 | 150514 2010 eng | ||
| 020 | _a9781433669279 | ||
| 035 | _a(ELIB.Books)0001-1349 | ||
| 092 |
_a301 _bPea |
||
| 100 | _aPearcey, Nancy | ||
| 245 |
_aSaving Leonardo _bA Call to Resist the Secular Assault on Mind, Morals, & Meaning |
||
| 260 |
_aNashville _bB & H Publishing Group _c2010 |
||
| 300 |
_a328 _c26.5 Cm |
||
| 500 | _aKBTS: Library | ||
| 650 | _aSociology & Anthropology | ||
| 856 |
_nKBTS: Library _uKBTS: Elib |
||
| 942 |
_2ddc _cBK |
||
| 990 | _a1 | ||
| 998 |
_cbat _e2015-05-14 |
||
| 999 |
_c11194 _d11194 |
||